000 00257nam a22000977a 4500
999 _c11715
_d11715
008 200110b ||||| |||| 00| 0 eng d
020 _a9780439744058
100 _aCapucilli Satin Alyssa
_97407
245 _aBathtime for Biscuit
260 _aNew York
_bScholastic